X-4 PES ETME 7 (Record no. 587409)

MARC details
000 -LEADER
sabit uzunluktaki kontrol alanı 00280nam a2200109Ia 4500
001 - KONTROL NUMARASI
kontrol alanı 587409
005 - EN SON İŞLEMİN TARİH VE ZAMANI
kontrol alanı 20250717113816.0
008 - SABİT-UZUNLUKTA VERİ ÖĞELERİ--GENEL BİLGİ
sabit uzunluktaki kontrol alanı 250717s9999 xx 000 0 und d
245 #0 - ESER / YAZAR
ESER ADI X-4 PES ETME 7
Yazar Adı AHMET BİLAL YAPRAKDAL
260 ## - YAYIN, DAĞITIM, VB.
YAYIN EVİ UĞUR BÖCEĞİ YAYINLARI
Yayın, dağıtım tarihi, vb. 2018
300 ## - FİZİKSEL AÇIKLAMA
Diğer fiziksel ayrıntılar 32

No items available.